[Event "Titled Tuesday intern op 10th Sep Late"]
[White "Filali, Razzouki Marouane"]
[Black "Richter, Paul"]
[Site "Chess,com INT"]
[Round "1"]
[Result "0-1"]
[Date "2024.09.10"]
[WhiteElo "2234"]
[BlackElo "2171"]
[PlyCount "78"]
[EventDate "2024.09.10"]
[EventType "swiss (blitz)"]
[EventRounds "11"]
[EventCountry "USA"]
[SourceTitle "EXT 2025"]
[Source "ChessBase"]
[SourceDate "2024.10.14"]
[SourceVersion "1"]
[SourceVersionDate "2024.10.14"]
[SourceQuality "1"]

1. e4 c5 2. Nf3 d6 3. d4 cxd4 4. Nxd4 Nf6 5. Nc3 g6 6. Bc4 Bg7 7. Bb3 0-0 8. f3 Nc6 9. Be3 Bd7 10. Qd2 Rb8 11. 0-0-0 a5 12. a4 Nxd4 13. Bxd4 b5 14. h4 bxa4 15. Nxa4 Bxa4 16. Bxa4 Rb4 17. b3 Nxe4 18. fxe4 Rxd4 19. Qxd4 Bxd4 20. Rxd4 Qb6 21. Rhd1 Rc8 22. h5 Qc5 23. R1d2 Qxh5 24. Rd5 Qg4 25. e5 Rc5 26. exd6 exd6 27. Rxd6 Qf4 28. Kb1 Rg5 29. Bc6 h5 30. Bd5 Rf5 31. Bc4 h4 32. Rxg6+ Kf8 33. Rd8+ Ke7 34. Rgg8 a4 35. Rgf8 a3 36. Ka2 Qc1 37. Rde8+ Kf6 38. Rxf7+ Kg5 39. Rfe7 Qb2# 0-1

[Event "Titled Tuesday intern op 27th Aug Early"]
[White "Cieslak, Patryk"]
[Black "Filali, Razzouki Marouane"]
[Site "Chess.com INT"]
[Round "2"]
[Result "1-0"]
[Date "2024.08.27"]
[WhiteElo "2374"]
[BlackElo "2234"]
[PlyCount "115"]
[EventDate "2024.08.27"]
[EventType "swiss (blitz)"]
[EventRounds "11"]
[EventCountry "USA"]
[SourceTitle "EXT 2025"]
[Source "ChessBase"]
[SourceDate "2024.10.14"]
[SourceVersion "1"]
[SourceVersionDate "2024.10.14"]
[SourceQuality "1"]

1. Nf3 g6 2. e3 Bg7 3. b3 e6 4. d4 Ne7 5. Bb2 0-0 6. Bd3 d5 7. 0-0 c5 8. c3 b6 9. Nbd2 Nbc6 10. Qe2 Bb7 11. Ba6 Qc7 12. Bxb7 Qxb7 13. e4 dxe4 14. Nxe4 cxd4 15. cxd4 Nf5 16. Rad1 Rad8 17. Qc4 Na5 18. Qc2 Rc8 19. Qb1 Rfd8 20. Ne5 Nc6 21. Nxc6 Qxc6 22. Rc1 Qb7 23. Rxc8 Qxc8 24. Rd1 Qb7 25. Qc2 Qd5 26. Nc3 Qc6 27. Qe4 Qxe4 28. Nxe4 Nxd4 29. Kf1 e5 30. Bxd4 Rxd4 31. Rxd4 exd4 32. Ke2 f5 33. Nd6 Be5 34. Nc8 Bb8 35. Ne7+ Kf7 36. Nc6 Bd6 37. Nxa7 Ke6 38. Nb5 Be5 39. Kd3 Kd5 40. g3 h5 41. f4 Bf6 42. Na3 Kc5 43. Nc4 b5 44. Ne5 Bxe5 45. fxe5 Kd5 46. e6 Kxe6 47. Kxd4 g5 48. a4 bxa4 49. bxa4 f4 50. gxf4 gxf4 51. Ke4 Kd6 52. Kxf4 Kc5 53. Kg5 Kb4 54. Kxh5 Kxa4 55. Kg6 Kb5 56. h4 Kc6 57. h5 Kd7 58. Kg7 1-0

[Event "Titled Tuesday intern op 21st May Early"]
[White "Filali, Razzouki Marouane"]
[Black "Donatti, Alvaro"]
[Site "Chess.com INT"]
[Round "10"]
[Result "0-1"]
[Date "2024.05.21"]
[WhiteElo "2234"]
[BlackElo "2193"]
[PlyCount "76"]
[EventDate "2024.05.21"]
[EventType "swiss (blitz)"]
[EventRounds "11"]
[EventCountry "USA"]
[SourceTitle "CBM 220 Extra"]
[Source "ChessBase"]
[SourceDate "2024.07.31"]
[SourceVersion "1"]
[SourceVersionDate "2024.07.31"]
[SourceQuality "1"]

1. b3 e5 2. Bb2 d6 3. g3 g6 4. Bg2 Bg7 5. e3 f5 6. Ne2 Nf6 7. 0-0 0-0 8. d4 Nbd7 9. c4 c6 10. Nbc3 e4 11. Nf4 Qe7 12. d5 c5 13. Ne6 Rf7 14. Ng5 Rf8 15. Ne6 Rf7 16. Nb5 a6 17. Nbc7 Rb8 18. Ng5 Rf8 19. Nce6 Re8 20. Nxg7 Qxg7 21. Ne6 Qe7 22. f3 exf3 23. Bxf3 Nf8 24. Nf4 Ne4 25. Qc2 b5 26. Bxe4 Qxe4 27. Qc3 Qxe3+ 28. Qxe3 Rxe3 29. Kf2 Re8 30. Bf6 Kf7 31. Bg5 bxc4 32. bxc4 Nd7 33. Rfe1 Ne5 34. Rab1 Bd7 35. Rxb8 Rxb8 36. Re2 h6 37. Bxh6 Ng4+ 38. Kf3 Nxh6 0-1

[Event "Titled Tuesday intern op 21st May Early"]
[White "Li, Xueyi"]
[Black "Filali, Razzouki Marouane"]
[Site "Chess.com INT"]
[Round "4"]
[Result "1-0"]
[Date "2024.05.21"]
[WhiteElo "2210"]
[BlackElo "2234"]
[PlyCount "89"]
[EventDate "2024.05.21"]
[EventType "swiss (blitz)"]
[EventRounds "11"]
[EventCountry "USA"]
[SourceTitle "CBM 220 Extra"]
[Source "ChessBase"]
[SourceDate "2024.07.31"]
[SourceVersion "1"]
[SourceVersionDate "2024.07.31"]
[SourceQuality "1"]

1. d4 d5 2. c4 dxc4 3. Nf3 Nf6 4. e3 e6 5. Bxc4 a6 6. 0-0 b5 7. Bd3 Bb7 8. a4 c6 9. Nc3 Be7 10. Ne4 0-0 11. b3 Nbd7 12. Bb2 Rc8 13. Ne5 Nxe5 14. dxe5 Nd5 15. Qh5 g6 16. Qh6 Re8 17. Rad1 Bf8 18. Qh3 Qc7 19. Ng5 h6 20. Ne4 Bg7 21. Nd6 Red8 22. Nxc8 Rxc8 23. axb5 cxb5 24. Rc1 Qd8 25. Rxc8 Qxc8 26. Rc1 Qb8 27. Qg3 Ne7 28. f4 Nf5 29. Bxf5 exf5 30. Qf2 Be4 31. Bd4 Qd8 32. b4 Qd5 33. h3 Bf8 34. Qb2 Kh7 35. Rc8 Bg7 36. e6 Qb7 37. Rc5 Bf8 38. Re5 fxe6 39. Rxe6 Qf7 40. Re5 h5 41. Qc3 Qa2 42. Qb2 Qa4 43. Kh2 Qd1 44. Re8 Bh6 45. Rh8# 1-0

[Event "Titled Tuesday intern op 21st May Early"]
[White "Nikolic, Radisa D"]
[Black "Filali, Razzouki Marouane"]
[Site "Chess.com INT"]
[Round "11"]
[Result "0-1"]
[Date "2024.05.21"]
[WhiteElo "2219"]
[BlackElo "2234"]
[PlyCount "92"]
[EventDate "2024.05.21"]
[EventType "swiss (blitz)"]
[EventRounds "11"]
[EventCountry "USA"]
[SourceTitle "CBM 220 Extra"]
[Source "ChessBase"]
[SourceDate "2024.07.31"]
[SourceVersion "1"]
[SourceVersionDate "2024.07.31"]
[SourceQuality "1"]

1. d4 g6 2. c4 Bg7 3. e4 b6 4. Nc3 Bb7 5. Nf3 e6 6. d5 exd5 7. exd5 d6 8. Be2 Ne7 9. 0-0 h6 10. Be3 0-0 11. Bd4 Nd7 12. Bxg7 Kxg7 13. Qd4+ Kg8 14. Ne4 Nf5 15. Qc3 f6 16. Nd4 Nxd4 17. Qxd4 f5 18. Ng3 Qg5 19. f4 Qf6 20. Qxf6 Nxf6 21. Bd3 Rae8 22. Rae1 Kf7 23. h3 Bc8 24. Kf2 Ba6 25. b3 Bc8 26. Kf3 Bd7 27. Kf2 a5 28. Kf3 Bc8 29. Kf2 Ba6 30. Kf3 Nxd5 31. Rxe8 Rxe8 32. cxd5 Bxd3 33. Rc1 Re7 34. Rc3 Ba6 35. Nf1 Bxf1 36. Kf2 Ba6 37. g4 Bb7 38. Rd3 Re4 39. Kf3 Kf6 40. Rc3 Bxd5 41. Kg3 Re7 42. gxf5 Kxf5 43. a3 c5 44. h4 Be4 45. Re3 d5 46. b4 d4 0-1

[Event "Titled Tuesday intern op 21st May Late"]
[White "Skatchkov, Valery"]
[Black "Filali, Razzouki Marouane"]
[Site "Chess.com INT"]
[Round "7"]
[Result "1-0"]
[Date "2024.05.21"]
[WhiteElo "2211"]
[BlackElo "2234"]
[PlyCount "71"]
[EventDate "2024.05.21"]
[EventType "swiss (blitz)"]
[EventRounds "11"]
[EventCountry "USA"]
[SourceTitle "CBM 220 Extra"]
[Source "ChessBase"]
[SourceDate "2024.07.31"]
[SourceVersion "1"]
[SourceVersionDate "2024.07.31"]
[SourceQuality "1"]

1. d4 Nf6 2. c4 e6 3. Nf3 d5 4. g3 Bb4+ 5. Bd2 Be7 6. Bg2 0-0 7. Qc2 c6 8. Bf4 Nbd7 9. h4 b6 10. Nc3 Bb7 11. e4 dxe4 12. Nxe4 Nxe4 13. Qxe4 Bb4+ 14. Bd2 Bxd2+ 15. Nxd2 Rb8 16. 0-0 c5 17. Qf4 Bxg2 18. Kxg2 cxd4 19. Qxd4 Qc7 20. Nf3 Rbc8 21. Rac1 Rfd8 22. Rfd1 Qc6 23. b3 h6 24. Qd6 Qb7 25. Qe7 Kh7 26. Rc2 Nc5 27. Qxb7 Nxb7 28. Rcd2 Rxd2 29. Rxd2 Rd8 30. Rxd8 Nxd8 31. Nd4 Kg6 32. Kf3 Kf6 33. Nb5 Nc6 34. Ke3 Ke7 35. Nd4 f5 36. Nxc6+ 1-0

[Event "Titled Tuesday intern op 20th Feb Early"]
[White "Alcazar Jimenez, Jesus Alberto"]
[Black "Filali, Razzouki Marouane"]
[Site "Chess.com INT"]
[Round "7"]
[Result "0-1"]
[Date "2024.02.20"]
[WhiteElo "2147"]
[BlackElo "2234"]
[PlyCount "124"]
[EventDate "2024.02.20"]
[EventType "swiss (blitz)"]
[EventRounds "11"]
[EventCountry "USA"]
[SourceTitle "EXT 2025"]
[Source "ChessBase"]
[SourceDate "2024.10.14"]
[SourceVersion "1"]
[SourceVersionDate "2024.10.14"]
[SourceQuality "1"]

1. c4 g6 2. Nc3 Bg7 3. Nf3 e6 4. e3 Ne7 5. d4 0-0 6. Be2 d5 7. b3 b6 8. Bb2 Bb7 9. 0-0 Nd7 10. cxd5 Nxd5 11. Nxd5 Bxd5 12. Rc1 c5 13. Ba3 Re8 14. Bb5 cxd4 15. Nxd4 Qg5 16. g3 Red8 17. f4 Qf6 18. Nc6 Bxc6 19. Bxc6 Nc5 20. Bxa8 Rxd1 21. Rfxd1 h5 22. h4 a5 23. Rd2 Qf5 24. Bxc5 bxc5 25. Bf3 Qh3 26. Rg2 Bb2 27. Rcc2 Ba3 28. e4 Kg7 29. Kf2 e5 30. fxe5 Qe6 31. Rd2 Qxe5 32. Rg1 Bb2 33. Re1 Bd4+ 34. Kg2 Bc3 35. Rde2 Bxe1 36. Rxe1 f5 37. Re2 fxe4 38. Bxe4 Qd4 39. Bf3 c4 40. bxc4 Qxc4 41. Be4 Qd4 42. Bf3 Qc4 43. Rf2 a4 44. Re2 a3 45. Rf2 Qc3 46. Re2 Kh6 47. Rf2 Qe3 48. Re2 Qd4 49. Re4 Qd2+ 50. Re2 Qd4 51. Rf2 g5 52. hxg5+ Kxg5 53. Re2 Qc3 54. Rf2 h4 55. gxh4+ Kxh4 56. Re2 Qg7+ 57. Kf2 Qd4+ 58. Kg2 Qg7+ 59. Kf2 Qg3+ 60. Ke3 Qg1+ 61. Kd3 Qb1+ 62. Ke3 Qb2 0-1

[Event "Titled Tuesday intern op 20th Feb Late"]
[White "Djordjevic, Dejan N"]
[Black "Filali, Razzouki Marouane"]
[Site "Chess.com INT"]
[Round "3"]
[Result "0-1"]
[Date "2024.02.20"]
[WhiteElo "2126"]
[BlackElo "2234"]
[PlyCount "70"]
[EventDate "2024.02.20"]
[EventType "swiss (blitz)"]
[EventRounds "11"]
[EventCountry "USA"]
[SourceTitle "EXT 2025"]
[Source "ChessBase"]
[SourceDate "2024.10.14"]
[SourceVersion "1"]
[SourceVersionDate "2024.10.14"]
[SourceQuality "1"]

1. e4 c5 2. Nc3 d6 3. g3 g6 4. Bg2 Bg7 5. Nge2 Nf6 6. d3 0-0 7. h3 e6 8. 0-0 d5 9. exd5 exd5 10. Bg5 d4 11. Ne4 Na6 12. Nf4 Re8 13. Nd5 Nxd5 14. Bxd8 Rxd8 15. Qd2 b6 16. c4 dxc3 17. bxc3 Rb8 18. Rac1 h6 19. f4 f5 20. Nf2 Be6 21. Rfe1 Bf7 22. a3 Rd7 23. g4 Rbd8 24. Qb2 Nac7 25. a4 Nxf4 26. a5 b5 27. a6 Ncd5 28. Qa3 Nxg2 29. Kxg2 Nf4+ 30. Kg1 Bf8 31. Qa5 Nxd3 32. Nxd3 Rxd3 33. Qxb5 Rg3+ 34. Kh2 Rdd3 35. Re2 Bd6 0-1

[Event "Titled Tuesday intern op 20th Feb Early"]
[White "Domin, Yan"]
[Black "Filali, Razzouki Marouane"]
[Site "Chess.com INT"]
[Round "4"]
[Result "1-0"]
[Date "2024.02.20"]
[WhiteElo "2209"]
[BlackElo "2234"]
[PlyCount "39"]
[EventDate "2024.02.20"]
[EventType "swiss (blitz)"]
[EventRounds "11"]
[EventCountry "USA"]
[SourceTitle "EXT 2025"]
[Source "ChessBase"]
[SourceDate "2024.10.14"]
[SourceVersion "1"]
[SourceVersionDate "2024.10.14"]
[SourceQuality "1"]

1. e4 d5 2. exd5 Nf6 3. Nf3 Nxd5 4. g3 Bf5 5. Bg2 Nc6 6. 0-0 e6 7. Nh4 Bg6 8. Nxg6 hxg6 9. d4 Qd7 10. c4 Nf6 11. d5 0-0-0 12. Nc3 exd5 13. cxd5 Nb4 14. Be3 Nbxd5 15. Nxd5 Nxd5 16. Bxa7 b6 17. Qb3 Kb7 18. Rfd1 Kxa7 19. Rxd5 Bd6 20. Ra5+ 1-0

[Event "Titled Tuesday intern op 20th Feb Early"]
[White "Filali, Razzouki Marouane"]
[Black "Meskenas, Paulius"]
[Site "Chess.com INT"]
[Round "9"]
[Result "1/2-1/2"]
[Date "2024.02.20"]
[WhiteElo "2234"]
[BlackElo "2226"]
[PlyCount "79"]
[EventDate "2024.02.20"]
[EventType "swiss (blitz)"]
[EventRounds "11"]
[EventCountry "USA"]
[SourceTitle "EXT 2025"]
[Source "ChessBase"]
[SourceDate "2024.10.14"]
[SourceVersion "1"]
[SourceVersionDate "2024.10.14"]
[SourceQuality "1"]

1. b3 c5 2. Bb2 d5 3. g3 Nc6 4. Bg2 e5 5. e3 Nf6 6. Ne2 d4 7. 0-0 Be6 8. exd4 exd4 9. d3 Be7 10. Nd2 0-0 11. Nf4 Rc8 12. Nxe6 fxe6 13. a4 Qd7 14. Nc4 Nd5 15. Re1 Bf6 16. Qh5 g6 17. Qg4 Rfe8 18. Re2 Nc3 19. Bxc3 dxc3 20. Rae1 Nd4 21. Re4 Nxc2 22. Rxe6 Nxe1 23. Rxe8+ Qxe8 24. Nd6 c2 25. Bd5+ Kg7 26. Nxe8+ Rxe8 27. Qd7+ Re7 28. Qc8 c1Q 29. Qg8+ Kh6 30. Qf8+ Rg7 31. Qxf6 Nf3+ 32. Kg2 Qg1+ 33. Kxf3 Qh1+ 34. Kg4 Qxd5 35. Qf4+ g5 36. Qf6+ Rg6 37. Qf8+ Rg7 38. Qf6+ Rg6 39. Qf8+ Rg7 40. Qf6+ 1/2-1/2

[Event "Titled Tuesday intern op 20th Feb Early"]
[White "Filali, Razzouki Marouane"]
[Black "Saim, Mohamed Ilias"]
[Site "Chess.com INT"]
[Round "3"]
[Result "1-0"]
[Date "2024.02.20"]
[WhiteElo "2234"]
[BlackElo "2169"]
[PlyCount "31"]
[EventDate "2024.02.20"]
[EventType "swiss (blitz)"]
[EventRounds "11"]
[EventCountry "USA"]
[SourceTitle "EXT 2025"]
[Source "ChessBase"]
[SourceDate "2024.10.14"]
[SourceVersion "1"]
[SourceVersionDate "2024.10.14"]
[SourceQuality "1"]

1. b3 e5 2. Bb2 Nc6 3. g3 Nf6 4. Bg2 Bd6 5. e3 0-0 6. Ne2 Re8 7. 0-0 Bf8 8. d4 d6 9. c4 Bf5 10. Nbc3 g6 11. Qd2 Bh6 12. Rad1 Rb8 13. h3 a6 14. Qc1 Nb4 15. e4 Bd7 16. Qxh6 1-0

[Event "Titled Tuesday intern op 20th Feb Early"]
[White "Goryachkina, Aleksandra"]
[Black "Filali, Razzouki Marouane"]
[Site "Chess.com INT"]
[Round "8"]
[Result "1-0"]
[Date "2024.02.20"]
[WhiteElo "2553"]
[BlackElo "2234"]
[PlyCount "41"]
[EventDate "2024.02.20"]
[EventType "swiss (blitz)"]
[EventRounds "11"]
[EventCountry "USA"]
[SourceTitle "EXT 2025"]
[Source "ChessBase"]
[SourceDate "2024.10.14"]
[SourceVersion "1"]
[SourceVersionDate "2024.10.14"]
[SourceQuality "1"]

1. e4 d5 2. exd5 Nf6 3. Nf3 Nxd5 4. Bc4 Nc6 5. 0-0 h6 6. Nc3 Be6 7. Bb5 a6 8. Bxc6+ bxc6 9. Re1 g5 10. Ne5 Bg7 11. d4 Qd6 12. Ne4 Bxe5 13. Nxd6+ Bxd6 14. c4 Nf4 15. c5 Nh3+ 16. gxh3 Bf4 17. Bxf4 gxf4 18. Rxe6 fxe6 19. Qf3 Kd7 20. Re1 Raf8 21. Re4 1-0

[Event "Titled Tuesday intern op 20th Feb Early"]
[White "Shubhi, Gupta"]
[Black "Filali, Razzouki Marouane"]
[Site "Chess.com INT"]
[Round "2"]
[Result "0-1"]
[Date "2024.02.20"]
[WhiteElo "1929"]
[BlackElo "2234"]
[PlyCount "62"]
[EventDate "2024.02.20"]
[EventType "swiss (blitz)"]
[EventRounds "11"]
[EventCountry "USA"]
[SourceTitle "EXT 2025"]
[Source "ChessBase"]
[SourceDate "2024.10.14"]
[SourceVersion "1"]
[SourceVersionDate "2024.10.14"]
[SourceQuality "1"]

1. d4 g6 2. e4 Bg7 3. Nc3 e6 4. Nf3 Ne7 5. Bg5 0-0 6. Be2 b6 7. Qd2 Bb7 8. 0-0-0 d5 9. e5 c5 10. h4 cxd4 11. Nxd4 Re8 12. f4 a6 13. h5 Nbc6 14. hxg6 hxg6 15. Bg4 Qc7 16. Nxe6 fxe6 17. Bxe6+ Kf8 18. f5 Nxf5 19. Nxd5 Qxe5 20. c3 Rxe6 21. g4 Nfe7 22. Rhf1+ Ke8 23. Nxe7 Rxe7 24. Bxe7 Qxe7 25. Rfe1 Ne5 26. Kb1 Rd8 27. Qc2 Rxd1+ 28. Qxd1 Qd7 29. Qc2 Kd8 30. Rd1 Bd5 31. c4 Nxc4 0-1

[Event "Titled Tuesday intern op 23rd Jan Early"]
[White "Filali, Razzouki Marouane"]
[Black "Javakhadze, Zurab"]
[Site "Chess.com INT"]
[Round "1"]
[Result "0-1"]
[Date "2024.01.23"]
[WhiteElo "2234"]
[BlackElo "2440"]
[PlyCount "112"]
[EventDate "2024.01.23"]
[EventType "swiss (blitz)"]
[EventRounds "11"]
[EventCountry "USA"]
[SourceTitle "EXT 2025"]
[Source "ChessBase"]
[SourceDate "2024.10.14"]
[SourceVersion "1"]
[SourceVersionDate "2024.10.14"]
[SourceQuality "1"]

1. e4 e5 2. Nf3 Nc6 3. Bc4 Nf6 4. Ng5 d5 5. exd5 Na5 6. Bb5+ c6 7. dxc6 bxc6 8. Qf3 Be7 9. Ba4 0-0 10. Nc3 Nd5 11. Nge4 f5 12. Ng3 e4 13. Qe2 Nf4 14. Qf1 Qd6 15. d3 exd3 16. Bxf4 Qxf4 17. Qxd3 Qh4 18. 0-0-0 Rb8 19. Bb3+ Nxb3+ 20. axb3 Kh8 21. Rhe1 Bf6 22. Qd6 Ba6 23. Nxf5 Qxf2 24. Ng3 Qxg2 25. Nge4 Bh4 26. Rg1 Qf3 27. Qxc6 Bb7 28. Qc4 Rbc8 29. Nc5 Bf2 30. b4 Bxg1 31. Rxg1 Qe3+ 32. Kb1 Qxg1+ 33. Ka2 Rxc5 34. bxc5 Qg2 35. Nb5 Qd5 36. Qxd5 Bxd5+ 37. b3 Rc8 38. c4 Be6 39. Nd4 Bf7 40. c6 Be8 41. b4 Bxc6 42. b5 Be4 43. Kb3 g5 44. Kb4 g4 45. c5 h5 46. Ne6 h4 47. Ng5 Bg6 48. Ne6 g3 49. hxg3 hxg3 50. Nf4 Be4 51. c6 g2 52. Nxg2 Bxg2 53. Kc5 Kg7 54. Kd6 Kf7 55. Kd7 Bh3+ 56. Kd6 Ke8 0-1

[Event "Titled Tuesday intern op 05th Dec Early"]
[White "Filali, Razzouki Marouane"]
[Black "Zhigalko, Sergei"]
[Site "Chess.com INT"]
[Round "1"]
[Result "0-1"]
[Date "2023.12.05"]
[WhiteElo "2234"]
[BlackElo "2572"]
[PlyCount "118"]
[EventDate "2023.12.05"]
[EventType "swiss (blitz)"]
[EventRounds "11"]
[EventCountry "USA"]
[SourceTitle "EXT 2025"]
[Source "ChessBase"]
[SourceDate "2024.10.14"]
[SourceVersion "1"]
[SourceVersionDate "2024.10.14"]
[SourceQuality "1"]

1. e4 c5 2. Nf3 Nc6 3. d4 cxd4 4. Nxd4 Nf6 5. Nc3 e5 6. Ndb5 d6 7. Nd5 Nxd5 8. exd5 Nb8 9. c4 Be7 10. c5 0-0 11. cxd6 Bxd6 12. Nxd6 Qxd6 13. Be2 Nd7 14. 0-0 Nf6 15. Bc4 Rd8 16. Bg5 h6 17. Bh4 Bf5 18. Qf3 Bg6 19. Rfe1 Rac8 20. Bb3 Re8 21. Bg3 Nh5 22. Rad1 Nxg3 23. Qxg3 a6 24. Re3 Re7 25. Rde1 Rce8 26. h4 Kh8 27. f3 Bf5 28. Qf2 f6 29. g4 Bg6 30. Qg3 b5 31. R3e2 a5 32. a3 a4 33. Ba2 b4 34. axb4 Qxb4 35. g5 Bd3 36. Re3 Bf5 37. R3e2 Rc8 38. Rg2 Bh7 39. Kh2 Rf8 40. gxh6 gxh6 41. d6 Qxd6 42. Ree2 Qc7 43. Re3 f5 44. Ree2 f4 45. Qg4 e4 46. Rc2 Qe5 47. Rgf2 e3 48. Rfe2 Rg7 49. Qh3 Bf5 50. Qf1 Bxc2 51. Rxc2 Qf5 52. Rc6 Rf6 53. Rc8+ Qxc8 54. Qd1 Qf8 55. Qd5 Rfg6 56. Kh1 Rg1+ 57. Kh2 e2 58. Qc6 R1g2+ 59. Kh1 e1Q# 0-1

[Event "Titled Tuesday intern op 28th Nov Early"]
[White "Cardozo Munar, Carlos Eduardo"]
[Black "Filali, Razzouki Marouane"]
[Site "Chess.com INT"]
[Round "2"]
[Result "0-1"]
[Date "2023.11.28"]
[WhiteElo "2043"]
[BlackElo "2234"]
[PlyCount "92"]
[EventDate "2023.11.28"]
[EventType "swiss (blitz)"]
[EventRounds "11"]
[EventCountry "USA"]
[SourceTitle "EXT 2025"]
[Source "ChessBase"]
[SourceDate "2024.10.14"]
[SourceVersion "1"]
[SourceVersionDate "2024.10.14"]
[SourceQuality "1"]

1. e4 c6 2. Nf3 d5 3. Nc3 dxe4 4. Nxe4 Nf6 5. Nxf6+ exf6 6. d4 Bd6 7. c3 0-0 8. Be2 Nd7 9. 0-0 Re8 10. h3 Nf8 11. Re1 Bc7 12. Be3 Qd6 13. Qd2 Bf5 14. Bf1 Be4 15. Bd3 Bxf3 16. gxf3 Qh2+ 17. Kf1 Bf4 18. Rac1 Re7 19. Be4 Bxe3 20. Rxe3 Rae8 21. Rce1 g6 22. Ke2 f5 23. Bd3 Rxe3+ 24. Qxe3 Rxe3+ 25. Kxe3 Ne6 26. Be2 Qf4+ 27. Kd3 c5 28. dxc5 Nxc5+ 29. Kc2 Qe5 30. Kd2 Qd6+ 31. Kc2 Ne6 32. Rd1 Qb6 33. Rf1 Nf4 34. Bc4 Qc6 35. b3 b5 36. Bd3 Nxd3 37. Kxd3 Qxf3+ 38. Kd2 a5 39. h4 h6 40. Re1 Qxf2+ 41. Re2 Qxh4 42. Kc2 h5 43. Kb2 Qf6 44. Ka3 Qxc3 45. Re8+ Kh7 46. Re4 Qc1# 0-1

[Event "Titled Tuesday intern op 10th Oct Early"]
[White "Khuslen, Erdenebayar"]
[Black "Filali, Razzouki Marouane"]
[Site "Chess.com INT"]
[Round "4"]
[Result "0-1"]
[Date "2023.10.10"]
[WhiteElo "1918"]
[BlackElo "2234"]
[PlyCount "60"]
[EventDate "2023.10.10"]
[EventType "swiss (blitz)"]
[EventRounds "11"]
[EventCountry "USA"]
[SourceTitle "EXT 2025"]
[Source "ChessBase"]
[SourceDate "2024.10.14"]
[SourceVersion "1"]
[SourceVersionDate "2024.10.14"]
[SourceQuality "1"]

1. d4 Nf6 2. c4 e6 3. Nc3 d5 4. cxd5 exd5 5. Bg5 c6 6. e3 Be7 7. Bd3 Nbd7 8. Qc2 Nh5 9. Bxe7 Qxe7 10. Nf3 g6 11. 0-0-0 f5 12. Kb1 Nb6 13. h3 Bd7 14. Ne5 0-0-0 15. g4 fxg4 16. hxg4 Nf6 17. f3 Kb8 18. Na4 Nxa4 19. Qxa4 c5 20. Nxd7+ Nxd7 21. dxc5 Nxc5 22. Qf4+ Ka8 23. Bc2 Rhf8 24. Qg3 Qxe3 25. Rxh7 d4 26. Qc7 d3 27. Bb3 Rc8 28. Qg7 Qxf3 29. Rd2 Nxb3 30. axb3 Rf6 0-1